Facts about Finland: Science, trade, culture, industry, history
This book analyses Finland's role as a member of the European Union and examines its relations with the rest of Europe. Leading Finnish experts in their fields discuss the nation's history and constitution, trade and industry, culture and science, and Finnish life.
Bewaard in:
| Hoofdauteur: | |
|---|---|
| Formaat: | Boek |
| Taal: | Undetermined |
| Gepubliceerd in: |
Keuruu, Finland
Otava
1999
|
| Onderwerpen: | |
| Tags: |
Voeg label toe
Geen labels, Wees de eerste die dit record labelt!
|
| Thư viện lưu trữ: | Trung tâm Học liệu Trường Đại học Cần Thơ |
|---|
| LEADER | 00955nam a2200193Ia 4500 | ||
|---|---|---|---|
| 001 | CTU_36094 | ||
| 008 | 210402s9999 xx 000 0 und d | ||
| 082 | |a 948.97 | ||
| 082 | |b F511 | ||
| 100 | |a Facts about Finland: Science, trade, culture, industry, history | ||
| 245 | 0 | |a Facts about Finland: Science, trade, culture, industry, history | |
| 245 | 0 | |c Facts about Finland: Science, trade, culture, industry, history; Dịch giả: Timothy Binham | |
| 260 | |a Keuruu, Finland | ||
| 260 | |b Otava | ||
| 260 | |c 1999 | ||
| 520 | |a This book analyses Finland's role as a member of the European Union and examines its relations with the rest of Europe. Leading Finnish experts in their fields discuss the nation's history and constitution, trade and industry, culture and science, and Finnish life. | ||
| 650 | |a finland - description and travel | ||
| 904 | |i Nguyễn Quang Điền, 010704 | ||
| 980 | |a Trung tâm Học liệu Trường Đại học Cần Thơ | ||